Prolog programming for artificial intelligence / (Record no. 2314)

000 -LEADER
fixed length control field 00999cam a2200289 a 4500
001 - CONTROL NUMBER
control field 16748567
003 - CONTROL NUMBER IDENTIFIER
control field OSt
005 - DATE AND TIME OF LATEST TRANSACTION
control field 20160711091435.0
008 - FIXED-LENGTH DATA ELEMENTS--GENERAL INFORMATION
fixed length control field 110425s2012 enka b 001 0 eng
010 ## - LIBRARY OF CONGRESS CONTROL NUMBER
LC control number 2011010795
020 ## - INTERNATIONAL STANDARD BOOK NUMBER
International Standard Book Number 9780321417466 (pbk.)
040 ## - CATALOGING SOURCE
Original cataloging agency DLC
Transcribing agency DLC
Modifying agency DLC
042 ## - AUTHENTICATION CODE
Authentication code pcc
050 00 - LIBRARY OF CONGRESS CALL NUMBER
Classification number Q336.B74 2012
082 00 - DEWEY DECIMAL CLASSIFICATION NUMBER
Classification number 006.30285/5133
Edition number 23
100 1# - MAIN ENTRY--PERSONAL NAME
Personal name Bratko, Ivan,
Dates associated with a name 1946-
245 10 - TITLE STATEMENT
Title Prolog programming for artificial intelligence /
Statement of responsibility, etc Ivan Bratko.
250 ## - EDITION STATEMENT
Edition statement 4th ed.
260 ## - PUBLICATION, DISTRIBUTION, ETC. (IMPRINT)
Place of publication, distribution, etc Harlow, England ;
-- New York :
Name of publisher, distributor, etc Addison-Wesley,
Date of publication, distribution, etc 2012.
300 ## - PHYSICAL DESCRIPTION
Extent xxi, 673 p. :
Other physical details ill. ;
Dimensions 24 cm.
504 ## - BIBLIOGRAPHY, ETC. NOTE
Bibliography, etc Includes bibliographical references and index.
650 #0 - SUBJECT ADDED ENTRY--TOPICAL TERM
Topical term or geographic name as entry element Artificial intelligence
General subdivision Data processing.
650 #0 - SUBJECT ADDED ENTRY--TOPICAL TERM
Topical term or geographic name as entry element Prolog (Computer program language)
906 ## - LOCAL DATA ELEMENT F, LDF (RLIN)
a 7
b cbc
c orignew
d 1
e ecip
f 20
g y-gencatlg
942 ## - ADDED ENTRY ELEMENTS (KOHA)
Source of classification or shelving scheme
Koha item type Book
Holdings
Withdrawn status Lost status Source of classification or shelving scheme Damaged status Not for loan Home library Current library Shelving location Date acquired Total Checkouts Full call number Barcode Date last seen Date checked out Copy number Price effective from Koha item type
          Riara University Library Riara University Library General stack 11/07/2016 1 Q336.B74 2012 7560/16 16/03/2017 28/02/2017 C.1 11/07/2016 Book
          Riara University Library Riara University Library General stack 11/07/2016 4 Q336.B74 2012 7561/16 11/12/2017 11/12/2017 C.2 11/07/2016 Book

Riara University Library,
P.O. Box 49940-00100,
Nairobi, Kenya.